000 00302nam a22001337a 4500
008 181012b xxu||||| |||| 00| 0 eng d
020 _a0838501346
041 _aeng
080 _a617
100 _a8
101 _aOFT
245 _aAtlas of Primary Eyecare Procedures
_cFingeret,M
942 _2udc
_cBK
999 _c49480
_d49480